Т. 1: Трехкомпонентные системы; Справочник экспериментальных данных по растворимости многокомпонентных водно-солевых систем

Detalles Bibliográficos
Parent link:Справочник экспериментальных данных по растворимости многокомпонентных водно-солевых систем/ Всесоюзный научно-исследовательский институт галургии (ВНИИГ) ; сост. А. Б. Здановский [и др.]. Т. 1: Трехкомпонентные системы.— , 1953-1954
Idioma:ruso
Publicado: Москва, Госхимиздат, 1953
Subjects:
Formato: MixedMaterials Libro
KOHA link:https://koha.lib.tpu.ru/cgi-bin/koha/opac-detail.pl?biblionumber=248582

MARC

LEADER 00000nam2a2200000 4500
001 248582
005 20231101232412.0
035 |a (RuTPU)RU\TPU\book\270414 
090 |a 248582 
100 |a 20140123d1953 km y0rusy50 ca 
101 0 |a rus 
102 |a RU 
105 |a a g 001zy 
200 0 |a Т. 1: Трехкомпонентные системы 
210 |a Москва  |c Госхимиздат  |d 1953 
215 |a 672 с.  |c ил. 
320 |a Указатели: с. 664-671. 
461 1 |0 (RuTPU)RU\TPU\book\269259  |t Справочник экспериментальных данных по растворимости многокомпонентных водно-солевых систем  |f Всесоюзный научно-исследовательский институт галургии (ВНИИГ) ; сост. А. Б. Здановский [и др.]  |v Т. 1: Трехкомпонентные системы  |d 1953-1954 
606 1 |a Водно-солевые системы  |2 stltpush  |3 (RuTPU)RU\TPU\subj\70581  |9 84800 
606 1 |a Неорганические реакции  |2 stltpush  |3 (RuTPU)RU\TPU\subj\71431  |9 85338 
610 1 |a растворимость 
610 1 |a данные 
610 1 |a трехкомпонентные системы 
610 1 |a таблицы 
610 1 |a диаграммы 
610 1 |a построение 
610 1 |a удельный вес 
610 1 |a расчет 
610 1 |a справочники 
675 |a 546-38(035)  |v 3 
675 |a 546:544.4(035)  |v 3 
801 1 |a RU  |b 63413507  |c 20140123 
801 2 |a RU  |b 63413507  |c 20151202  |g RCR 
942 |c BK